| Tag |
First Indicator |
Second Indicator |
Subfields |
| LEADER |
00000cas a2200000 a 4500 |
| 001 |
in00001403522 |
| 005 |
20151020055541.0 |
| 008 |
971218c19979999fr uu i0 0eng d |
| 010 |
|
|
|a sn 98038018
|
| 035 |
|
|
|a (OCoLC)38110351
|
| 035 |
|
|
|9 AHN4780AM
|
| 040 |
|
|
|a LCI
|c LCI
|d MYG
|d HUL
|d NYG
|d IUL
|d TXA
|d UtOrBLW
|
| 042 |
|
|
|a lcd
|
| 043 |
|
|
|a e-xo---
|
| 049 |
|
|
|a TXAE
|
| 050 |
1 |
4 |
|a HD9502.S56
|b E54
|
| 092 |
|
|
|a 333.791505
|b E56 98-155
|
| 245 |
0 |
0 |
|a Energy policies of the Slovak Republic :
|b survey /
|c International Energy Agency.
|
| 264 |
|
1 |
|a Paris :
|b OECD/IEA,
|c [1997-]
|
| 264 |
|
4 |
|c ©1997-
|
| 300 |
|
|
|a volumes :
|b illustrations, maps ;
|c 27 cm.
|
| 336 |
|
|
|a text
|b txt
|2 rdacontent
|
| 337 |
|
|
|a unmediated
|b n
|2 rdamedia
|
| 338 |
|
|
|a volume
|b nc
|2 rdacarrier
|
| 362 |
0 |
|
|a 1997-
|
| 650 |
|
0 |
|a Energy policy
|z Slovakia
|x Periodicals.
|
| 650 |
|
0 |
|a Power resources
|z Slovakia
|x Periodicals.
|
| 650 |
|
0 |
|a Energy consumption
|z Slovakia
|x Periodicals.
|
| 710 |
2 |
|
|a International Energy Agency.
|
| 710 |
2 |
|
|a Organisation for Economic Co-operation and Development.
|
| 780 |
0 |
1 |
|t Energy policies. Czech and Slovak Federal Republic
|w (DLC) 94648140
|w (OCoLC)27301079
|
| 999 |
|
|
|a MARS
|
| 999 |
f |
f |
|s 68b2860a-ab49-3d4e-b484-7ef888065ed7
|i e70f107a-bbf2-3d6a-aabf-29e7ab0ed0af
|t 0
|
| 952 |
f |
f |
|p ric
|a Texas A&M University
|b Rellis Campus
|c Joint Library Facility
|d Remote Storage
|t 0
|e HD9502.S56 E54
|h Library of Congress classification
|i unmediated -- volume
|l 1997
|m A14822002350
|
| 998 |
f |
f |
|a HD9502.S56 E54
|s 1997
|t 0
|l Remote Storage
|